000 00776nam a2200253Ia 4500
003 OSt
005 20220923225424.0
006 a|||||r|||| 00| 0
007 ta
008 220922b |||||||| |||| 00| 0 hin d
024 _a267,551
037 _cTextual
040 _aARTS
_cARTS
_bhin
041 _2hin
_ahin
082 _aV2y7N18, N6
100 _aशर्मा, शंकर दयाल
245 0 _aभारतीय चिंतन
246 _aBhāratīya chiantana
260 _aअल्मोडा
_b मनीष प्रकाशन
_c1996
300 _a201पृ.
_ccm.
650 _aविश्व-इतिहास
942 _hV2y7N18, N6
_cTEXL
_2CC
999 _c378188
_d378188